| 000 | 00640nas a2200217 i 4500 | ||
|---|---|---|---|
| 001 | 2138 | ||
| 003 | ES-MaACL | ||
| 005 | 20250217134528.0 | ||
| 008 | 950801d19011905fr | | 1 ||re d | ||
| 022 | _a2022-1533 | ||
| 080 | _a44 | ||
| 245 | 0 | 3 |
_aLa Revue provinciale / _c[dir. Charles Bellet]. |
| 260 |
_aToulouse : _bImp. Vialelle et Penry, _c1901-1905. |
||
| 300 |
_a1 v. ; _c21 cm. |
||
| 362 | 0 | _aN. 1 (15 janvier 1901)-5e année, n° 51 (mai/juillet 1905) | |
| 650 | 4 |
_aRevistas de información general. _916896 |
|
| 700 | 1 |
_aBellet, Charles. _927201 |
|
| 852 |
_aES-MaACL _jHem-280 |
||
| 866 | 0 | _o1903. | |
| 999 |
_c2138 _d2138 |
||